| 000 | 00488nam a2200205Ia 4500 | ||
|---|---|---|---|
| 003 | 0100 | ||
| 008 | 130227s9999 xx 000 0 und d | ||
| 040 | _cARRUPELIB | ||
| 050 | _aQ180.55.M4B64 1998 | ||
| 100 | _aBunge, Mario | ||
| 245 | _aPhilosophy of science | ||
| 245 | _bfrom problem to theory | ||
| 260 | _aNew Brunswick and London | ||
| 260 | _bTransaction Publishers | ||
| 260 | _C1998 | ||
| 300 | _axv | ||
| 300 | _b 605p. 24cm. | ||
| 650 | _bTime | ||
| 942 |
_2lcc _014 |
||
| 999 |
_c3059 _d3059 |
||